| 000 | 00588nam a22001695i 4500 | ||
|---|---|---|---|
| 001 | 154171 | ||
| 003 | ES-MaACL | ||
| 005 | 20230906205543.0 | ||
| 008 | 050823s1697 fr | |||||||| ||fre d | ||
| 040 |
_aCAM _bspa _cCAM |
||
| 245 | 0 | 0 |
_aTraité de paix entre l'empereur, la France et l'empire _b: conclu à Ryswick le trentiéme Octobre 1697. |
| 260 |
_aA Paris : _bde l'Imprimerie de Frederic Leonard ..., _c1697. |
||
| 300 |
_a52 p. ; _c27 cm. |
||
| 597 | _aSign.: A-F4, G2. | ||
| 597 | _aPort. con escudo real xil. | ||
| 852 |
_aES-MaACL _jR-1136(7) _z-- Enc. hol. _x-- Olim: G-9998 |
||
| 999 |
_c154171 _d154171 |
||